000 00503nam a2200193Ia 4500
005 20250130054846.0
008 240331s9999 xx 000 0 und d
020 _a0862326796
082 _a954
_bWEW
100 _aLalita, K
245 0 _aWe were making history :
_blife stories of women in the Telangana people's struggle
260 _aNew Delhi
_bKali For Women
_c1989
300 _avii, 290 p .,
500 _a
650 _aWomen
650 _aHistory
650 _aAncient India
942 _cL
999 _c1033
_d1033